| 000 | 00735nam a22001937a 4500 | ||
|---|---|---|---|
| 003 | 0 | ||
| 005 | 20250120103536.0 | ||
| 008 | 150930b xxu||||| |||| 00| 0 eng d | ||
| 050 |
_aPHS HM 847 _b.Ag283 2015 |
||
| 100 | _aAguilar, Patricia Camille | ||
| 245 |
_aRelationship of facebook usage and self-esteem of grade 8 students / _cPatricia Camille Aguilar. |
||
| 260 |
_aLas PiƱas, Philippines : _bSouthville International School and Colleges, _c2015. |
||
| 300 |
_aiii, 29 p. : _bcol. ill. ; _c28 cm. |
||
| 504 | _aIncludes bibliographical references. | ||
| 650 | _aSocial media and self-esteem. | ||
| 650 |
_aInternet and teenagers _vPsychological aspects. |
||
| 650 |
_aSocial media _vPsychological aspects. |
||
| 942 |
_2lcc _cPASS |
||
| 999 |
_c288782 _d288782 |
||